00306nam a2200121Ia 4500008004100000082001800041100002300059245005200082250000900134260002300143300001000166650000800176191201s2008 xx 000 0 und d a658.4038bJAM aJAWADEKAR, Waman S 0aManagement Information Systems: Texts and Cases aRep. aN.DelhibTMHc2008 aMisc. aMCA